00807nam a22001217a 4500001000700000003000400007005001700011008004100028040002500069245004000094300001000134500054100144128382OSt20240327182515.0240327b |||||||| |||| 00| 0 POR d aBR - IDEAcBR - IDEA aThe colour of hope cRoss MacKenzie a354 p aYears ago, the Emperor used dark magic to steal all the colour from the world. Now he keeps it for himself, enjoying its life-giving power while everyone else must exist in cold shades of grey. That is, until a miracle baby is born – everything she touches turns to colour. But the child’s life is in danger from her very first breath. Soon the Emperor’s murderous Ripper Dogs and Black Coats come hunting. Can the girl and her adopted father survive in the forest – and what will it take to return colour and hope to the world?